Boomerang : (Record no. 126)

000 -LEADER
fixed length control field 02872cam a2200385 a 4500
001 - CONTROL NUMBER
control field 16881823
003 - CONTROL NUMBER IDENTIFIER
control field OSt
005 - DATE AND TIME OF LATEST TRANSACTION
control field 20210416054204.0
008 - FIXED-LENGTH DATA ELEMENTS--GENERAL INFORMATION
fixed length control field 110720s2011 nyu 000 0 eng
010 ## - LIBRARY OF CONGRESS CONTROL NUMBER
LC control number 2011028241
020 ## - INTERNATIONAL STANDARD BOOK NUMBER
International Standard Book Number 9780393081817 (hardcover)
020 ## - INTERNATIONAL STANDARD BOOK NUMBER
International Standard Book Number 0393081818 (hardcover)
035 ## - SYSTEM CONTROL NUMBER
System control number (OCoLC)ocn668194868
040 ## - CATALOGING SOURCE
Original cataloging agency DLC
Transcribing agency DLC
Modifying agency YDX
-- BTCTA
-- YDXCP
-- UPZ
-- TTK
-- JRS
-- ABG
-- CDX
-- VP@
-- LMR
-- BWX
-- SGB
-- NSB
-- MNE
-- DEBBG
-- DLC
042 ## - AUTHENTICATION CODE
Authentication code pcc
043 ## - GEOGRAPHIC AREA CODE
Geographic area code n-us---
050 00 - LIBRARY OF CONGRESS CALL NUMBER
Classification number HB3717 2008
Item number .L49 2011
080 ## - UNIVERSAL DECIMAL CLASSIFICATION NUMBER
Universal Decimal Classification number 94
Item number L-63
082 00 - DEWEY DECIMAL CLASSIFICATION NUMBER
Classification number 330.9/0511
Edition number 23
100 1# - MAIN ENTRY--PERSONAL NAME
Personal name Lewis, Michael
Fuller form of name (Michael M.)
245 10 - TITLE STATEMENT
Title Boomerang :
Remainder of title travels in the new Third World /
Statement of responsibility, etc. Michael Lewis.
250 ## - EDITION STATEMENT
Edition statement 1st ed.
260 ## - PUBLICATION, DISTRIBUTION, ETC.
Place of publication, distribution, etc. New York :
Name of publisher, distributor, etc. W.W. Norton & Co.,
Date of publication, distribution, etc. c2011.
300 ## - PHYSICAL DESCRIPTION
Extent xxi, 213 p. ;
Dimensions 22 cm.
365 ## - TRADE PRICE
Price amount 25.95 usd
505 0# - FORMATTED CONTENTS NOTE
Formatted contents note Preface: The biggest short -- Wall Street on the tundra -- And they invented math -- Ireland's original sin -- The secret lives of Germans -- Too fat to fly.
520 ## - SUMMARY, ETC.
Summary, etc. As Pogo once said, "We have met the enemy and he is us." In this book the author offers a scathing assessment of fiscal blunders in foreign lands, and details how economic repercussions are sure to be felt on American soil. Financial bubbles grew and burst, not only in the U.S. but in countries as diverse as Iceland, Germany, and Greece. Mixing humor with prescient insight, he depicts a precarious situation that demands attention. The tsunami of cheap credit that rolled across the planet between 2002 and 2008 was more than a simple financial phenomenon: it was temptation, offering entire societies the chance to reveal aspects of their characters they could not normally afford to indulge. Icelanders wanted to stop fishing and become investment bankers. The Greeks wanted to turn their country into a piñata stuffed with cash and allow as many citizens as possible to take a whack at it. The Germans wanted to be even more German; the Irish wanted to stop being Irish. This investigation of bubbles beyond our shores is so sadly hilarious that it leads the American reader to a comfortable complacency: oh, those foolish foreigners. But when he turns a merciless eye on California and Washington, D.C., we see that the narrative is a trap baited with humor, and we understand the reckoning that awaits the greatest and greediest of debtor nations. - Publisher.
650 #0 - SUBJECT ADDED ENTRY--TOPICAL TERM
Topical term or geographic name entry element Global Financial Crisis, 2008-2009.
650 #0 - SUBJECT ADDED ENTRY--TOPICAL TERM
Topical term or geographic name entry element International finance.
650 #0 - SUBJECT ADDED ENTRY--TOPICAL TERM
Topical term or geographic name entry element Financial crises
Geographic subdivision United States
General subdivision History
Chronological subdivision 21st century.
856 ## - ELECTRONIC LOCATION AND ACCESS
Uniform Resource Identifier <a href="http://bvbr.bib-bvb.de:8991/F?func=service&doc_library=BVB01&doc_number=024559654&line_number=0001&func_code=DB_RECORDS&service_type=MEDIA">http://bvbr.bib-bvb.de:8991/F?func=service&doc_library=BVB01&doc_number=024559654&line_number=0001&func_code=DB_RECORDS&service_type=MEDIA</a>
Public note Inhaltsverzeichnis
906 ## - LOCAL DATA ELEMENT F, LDF (RLIN)
a 7
b cbc
c orignew
d 1
e ecip
f 20
g y-gencatlg
942 ## - ADDED ENTRY ELEMENTS (KOHA)
Source of classification or shelving scheme
Koha item type Books
Edition 1
Holdings
Withdrawn status Lost status Source of classification or shelving scheme Damaged status Not for loan Permanent location Current location Date acquired Inventory number Full call number Barcode Date last seen Copy number Price effective from Koha item type
          Ken Walker International University Ken Walker International University 11/11/2020 316 94 L-63 316 11/11/2020 316 11/11/2020 Books

Powered by Koha